Capitals Without the Letters of “Montevideo” - Statistics

General Stats
  • This quiz has been taken 8 times
  • The average score is 4 of 8
Answer Stats
Continents Capitals % Correct
Africa Abuja
100%
Africa Accra
100%
South America Caracas
50%
Africa Juba
50%
Asia Kabul
50%
Europe Warsaw
50%
Asia Baku
0%
Africa Lusaka
0%
No matching quizzes found
Score Distribution
Percent of People with Each Score
Percentile by Number Answered
Your Score History
You have not taken this quiz